Provincia de Inquisivi: Estudios geográficos, estadísticos y sociales

Guardat en:
Dades bibliogràfiques
Autor principal: Paredes, Rigoberto (autor)
Format: Llibre
Idioma:espanyol
Publicat: La Paz Talleres Tipográficos de J. M. Gamarra 1906
Edició:1a. ed
Matèries:
Etiquetes: Afegir etiqueta
Sense etiquetes, Sigues el primer a etiquetar aquest registre!

MARC

LEADER 00000nam a2200000 a 4500
001 UCJ7603
003 CL-VaPUC
008 070124e19060000BO |||||||||||||||||spa|d
082 0 4 |a 918.4  |b PAR  |2 21 
100 |a Paredes, Rigoberto  |e autor  |9 516095 
245 1 0 |a Provincia de Inquisivi: Estudios geográficos, estadísticos y sociales 
250 |a 1a. ed 
300 |a 238 p 
942 |c BK 
945 |d 20070124 00:00:00  |a rinostro 
260 |a La Paz  |b Talleres Tipográficos de J. M. Gamarra  |c 1906 
650 0 |a Recursos naturales  |9 255232 
650 7 |a ESTAÑO  |2 CL-VaPUC  |9 447163 
650 7 |a FLORA YFAUNA  |2 CL-VaPUC  |9 516096 
650 0 |a Iglesia Católica  |9 256114 
650 0 |a Población  |9 257577 
651 0 |a Bolivia  |9 255454 
651 7 |a INQUISIVI  |2 CL-VaPUC  |9 516097 
583 |a last modification  |c 20161003 12:00:08  |k Rodrigo Vera 
999 |c 323650  |d 323648 
952 |0 0  |1 0  |4 0  |6 918_400000000000000_PAR_1906  |7 0  |8 X  |9 403418  |a FDOBUD  |b FDOBUD  |d 2019-11-22  |i 1066668  |o 918.4 PAR 1906  |p 1066668  |r 2019-11-22  |w 2019-11-22  |y BK_X  |k BUD